00313nam a2200145Ia 45000030006000000080041000060400015000471000028000622450017000902500006001072600017001133000006001305460014001360050017001500STCL150530s9999 xx 000 0 und d aSTCLcSTCL aPadmanabha Pillai, K.M. aAgnipanjaram a1 bAuthorc1967 a0 aMalayalam20220125170742.0